| 000 | 00568nam a22001937a 4500 | ||
|---|---|---|---|
| 003 | NUST | ||
| 005 | 20230222112909.0 | ||
| 008 | 190721b ||||| |||| 00| 0 eng d | ||
| 015 | _qHard Cover. | ||
| 038 | _aMr. Zahoor. | ||
| 082 | _a658 | ||
| 100 |
_aRiaz, Wajeeha _918239 |
||
| 245 |
_aTextile sector: relationship between sales revenue, inflation rate and exchange rate _cWajeeha Riaz |
||
| 260 |
_aIslamabad: _bNBS - NUST, _c2012. |
||
| 300 |
_a40 p. ill. ; _c30cm. |
||
| 650 |
_aMBA Thesis _917629 |
||
| 700 |
_aMr. Haroon Rashid _918240 |
||
| 942 |
_2ddc _cTHE |
||
| 999 |
_c527131 _d527131 |
||